Guess League of Legends Champions by Ultimate Skill - Statistics

General Stats
  • This quiz has been taken 39 times
  • The average score is 17 of 20
Answer Stats
Picture Answer % Correct
Aatrox
100%
Fizz
100%
Rengar
97%
Karma
94%
Ivern
92%
Kindred
92%
Riven
92%
Bard
89%
Kai'Sa
89%
Diana
86%
Jarvan IV
86%
Renata Glasc
86%
Zeri
86%
Gwen
83%
Naafiri
83%
Yasuo
81%
Fiddlesticks
78%
Kayle
78%
Anivia
72%
Yorick
69%
No matching quizzes found
Score Distribution
Percent of People with Each Score
Percentile by Number Answered
Your Score History
You have not taken this quiz